Statistiken für Republik Kongo-Quiz

Klicken Sie hier um das Quiz zu spielen!

Allgemein

  • Dieses Quiz wurde 1.226 mal gespielt
  • Das Durchschnittsergebnis liegt bei 8 aus 14

Antwortstatistiken

FrageAntwort% Korrekt
Fluss, an dem diese beiden Städte liegenKongo
91%
Fremde Hauptstadt, die sich auf dem gegenüberliegenden Flussufer der obigen Stadt befindetKinshasa
84%
Hauptstadt der Republik KongoBrazzaville
81%
AmtsspracheFranzösisch
81%
Die Republik Kongo liegt auf diesem BreitengradÄquator
79%
"ismus", der 1969-1992 die offizielle Staatsideologie warMarxismus-Leninismus
66%
Rohstoff, der ca. 87% der Exporte ausmachtErdöl
64%
Meeresgolf, an dem die Republik Kongo grenztGolf von {Guinea}
60%
Name des Landes während dieser Periode{Volks}republik Kongo
50%
Der obige Fluss ist der ______ weltweitTiefste
48%
Indigenes Volk geringer Körpergröße, das unter extremer Diskriminierung und Sklaverei leidetPygmäen
32%
Zweitgrößte Stadt der Republik KongoPointe-{Noire}
25%
Exklave von Angola, an der die Republik Kongo grenztCabinda
23%
Grundnahrungsmittel, auch als Maniok oder Yuca bekanntCassava
14%

Verteilung der Resultate

Perzentil nach korrekt beantworteten Fragen

Anzahl Personen mit jedem Resultat

Ihre Resultats-Entwicklung

Sie haben dieses Quiz noch nicht gespielt